<?xml version="1.0" encoding="UTF-8"?>
<record
    xmlns:xsi="http://www.w3.org/2001/XMLSchema-instance"
    xsi:schemaLocation="http://www.loc.gov/MARC21/slim http://www.loc.gov/standards/marcxml/schema/MARC21slim.xsd"
    xmlns="http://www.loc.gov/MARC21/slim">

  <leader>03611nam a2200565Ii 4500</leader>
  <controlfield tag="001">DIGMECD0085</controlfield>
  <controlfield tag="003">NyNyDIG</controlfield>
  <controlfield tag="008">140911s2012    sp      ob    000 0 spa d</controlfield>
  <controlfield tag="006">m     o  d        </controlfield>
  <controlfield tag="007">cr |||||||||||</controlfield>
  <datafield tag="035" ind1=" " ind2=" ">
    <subfield code="a">(OCoLC)893891019</subfield>
  </datafield>
  <datafield tag="040" ind1=" " ind2=" ">
    <subfield code="a">DGITA</subfield>
    <subfield code="b">eng</subfield>
    <subfield code="e">rda</subfield>
    <subfield code="e">pn</subfield>
    <subfield code="c">DGITA</subfield>
  </datafield>
  <datafield tag="020" ind1=" " ind2=" ">
    <subfield code="a">9788436952667</subfield>
    <subfield code="q">libro electr&#xF3;nico</subfield>
  </datafield>
  <datafield tag="020" ind1=" " ind2=" ">
    <subfield code="a">8436952669</subfield>
    <subfield code="q">libro electr&#xF3;nico</subfield>
  </datafield>
  <datafield tag="020" ind1=" " ind2=" ">
    <subfield code="z">9788436948912</subfield>
    <subfield code="q">CD-ROM</subfield>
  </datafield>
  <datafield tag="020" ind1=" " ind2=" ">
    <subfield code="z">8436948912</subfield>
    <subfield code="q">CD-ROM</subfield>
  </datafield>
  <datafield tag="024" ind1="7" ind2=" ">
    <subfield code="a">030-12-058-4</subfield>
    <subfield code="q">libro electr&#xF3;nico</subfield>
    <subfield code="2">nipo</subfield>
  </datafield>
  <datafield tag="043" ind1=" " ind2=" ">
    <subfield code="a">e-sp---</subfield>
    <subfield code="a">e------</subfield>
  </datafield>
  <datafield tag="050" ind1="1" ind2="4">
    <subfield code="a">NX362.A1 eBook</subfield>
  </datafield>
  <datafield tag="245" ind1="0" ind2="4">
    <subfield code="a">Las ense&#xF1;anzas art&#xED;sticas superiores en el Espacio Europeo de Educaci&#xF3;n Superior /</subfield>
    <subfield code="c">direcci&#xF3;n editorial del volumen... Juan L&#xF3;pez Mart&#xED;nez ; coordinaci&#xF3;n: Vico Nieto, Ma Luisa ; autores: Alonso L&#xF3;pez, Ma. Jos&#xE9;, Le&#xF3;n Garc&#xED;a, Alejandro, L&#xF3;pez Crevill&#xE9;n, Eva, L&#xF3;pez Mart&#xED;nez, Juan, Mart&#xED; Gonz&#xE1;lez, Mariacarla, Mart&#xED;nez D&#xED;az, Ma Luisa, Mestre Massot, Irene, Veintimilla Bonet, Alberto.</subfield>
  </datafield>
  <datafield tag="264" ind1=" " ind2="1">
    <subfield code="a">[Madrid] :</subfield>
    <subfield code="b">Ediciones del Instituto de Formaci&#xF3;n del Profesorado, Investigaci&#xF3;n e Innovaci&#xF3;n Educativa,</subfield>
    <subfield code="c">2012.</subfield>
  </datafield>
  <datafield tag="264" ind1=" " ind2="3">
    <subfield code="a">[Madrid] :</subfield>
    <subfield code="b">Ministerio de Educaci&#xF3;n, Cultura y Deporte, Secretar&#xED;a General T&#xE9;cnica, Subdirecci&#xF3;n General de Documentaci&#xF3;n y Publicaciones</subfield>
  </datafield>
  <datafield tag="300" ind1=" " ind2=" ">
    <subfield code="a">1 online resource (255 pages).</subfield>
  </datafield>
  <datafield tag="336" ind1=" " ind2=" ">
    <subfield code="a">text</subfield>
    <subfield code="b">txt</subfield>
    <subfield code="2">rdacontent</subfield>
  </datafield>
  <datafield tag="337" ind1=" " ind2=" ">
    <subfield code="a">computer</subfield>
    <subfield code="b">c</subfield>
    <subfield code="2">rdamedia</subfield>
  </datafield>
  <datafield tag="338" ind1=" " ind2=" ">
    <subfield code="a">online resource</subfield>
    <subfield code="b">cr</subfield>
    <subfield code="2">rdacarrier</subfield>
  </datafield>
  <datafield tag="490" ind1="1" ind2=" ">
    <subfield code="a">Colecci&#xF3;n Aulas de verano. Serie Humanidades</subfield>
  </datafield>
  <datafield tag="504" ind1=" " ind2=" ">
    <subfield code="a">Includes bibliographical references.</subfield>
  </datafield>
  <datafield tag="505" ind1="0" ind2=" ">
    <subfield code="a">La LOE, un salto cualitativo para las ense&#xF1;anzas art&#xED;sticas / Juan L&#xF3;pez Mart&#xED;nez -- Los estudios superiores de cer&#xE1;mica / Alejandro Le&#xF3;n Garc&#xED;a -- Los estudios superiores de dise&#xF1;o en el Espacio Europeo de Educaci&#xF3;n Superior / Irene Mestre Massot -- Los estudios superiores de conservaci&#xF3;n y restauraci&#xF3;n de bienes culturales / Ma Jos&#xE9; Alonso L&#xF3;pez -- La pedagog&#xED;a en el arte dram&#xE1;tico / Mariacarla Mart&#xED; Gonz&#xE1;lez -- Las ense&#xF1;anzas musicales en el EEES / Alberto Veintimilla Bonet -- Las ense&#xF1;anzas art&#xED;sticas superiores de danza / Eva L&#xF3;pez Crevill&#xE9;n -- El modelo organizativo para los centros de ense&#xF1;anzas art&#xED;sticas superiores : el modelo de la comunidad valenciana : el ISEACV / Mar&#xED;a Luisa Mart&#xED;nez D&#xED;az.</subfield>
  </datafield>
  <datafield tag="588" ind1="0" ind2=" ">
    <subfield code="a">Online resource; title from ePub and PDF title page (Digitalia, viewed Sept. 11, 2014)</subfield>
  </datafield>
  <datafield tag="650" ind1=" " ind2="0">
    <subfield code="a">Arts</subfield>
    <subfield code="x">Study and teaching (Higher)</subfield>
    <subfield code="z">Spain.</subfield>
  </datafield>
  <datafield tag="650" ind1=" " ind2="0">
    <subfield code="a">Arts</subfield>
    <subfield code="x">Study and teaching (Higher)</subfield>
    <subfield code="z">European Union countries.</subfield>
  </datafield>
  <datafield tag="655" ind1=" " ind2="0">
    <subfield code="a">Electronic books.</subfield>
  </datafield>
  <datafield tag="700" ind1="1" ind2=" ">
    <subfield code="a">L&#xF3;pez, Juan,</subfield>
    <subfield code="e">1950</subfield>
    <subfield code="e">editor,</subfield>
    <subfield code="e">author.</subfield>
  </datafield>
  <datafield tag="700" ind1="1" ind2=" ">
    <subfield code="a">Vico Nieto, Ma Luisa,</subfield>
    <subfield code="e">organizer.</subfield>
  </datafield>
  <datafield tag="700" ind1="1" ind2=" ">
    <subfield code="a">Alonso L&#xF3;pez, Mar&#xED;a Jos&#xE9;,</subfield>
    <subfield code="e">author.</subfield>
  </datafield>
  <datafield tag="700" ind1="1" ind2=" ">
    <subfield code="a">Le&#xF3;n Garc&#xED;a, Alejandro,</subfield>
    <subfield code="e">author.</subfield>
  </datafield>
  <datafield tag="700" ind1="1" ind2=" ">
    <subfield code="a">L&#xF3;pez Crevill&#xE9;n, Eva,</subfield>
    <subfield code="e">author.</subfield>
  </datafield>
  <datafield tag="700" ind1="1" ind2=" ">
    <subfield code="a">Mart&#xED; Gonz&#xE1;lez, Mariacarla,</subfield>
    <subfield code="e">author.</subfield>
  </datafield>
  <datafield tag="700" ind1="1" ind2=" ">
    <subfield code="a">Mart&#xED;nez D&#xED;az, Ma Luisa,</subfield>
    <subfield code="e">author.</subfield>
  </datafield>
  <datafield tag="700" ind1="1" ind2=" ">
    <subfield code="a">Mestre Massot, Irene,</subfield>
    <subfield code="e">author.</subfield>
  </datafield>
  <datafield tag="700" ind1="1" ind2=" ">
    <subfield code="a">Veintimilla, Alberto,</subfield>
    <subfield code="d">1965-</subfield>
    <subfield code="e">author.</subfield>
  </datafield>
  <datafield tag="791" ind1="2" ind2=" ">
    <subfield code="a">Digitalia (Firm),</subfield>
    <subfield code="e">distributor.</subfield>
  </datafield>
  <datafield tag="793" ind1="0" ind2=" ">
    <subfield code="g">Digitalia eBook Collection:</subfield>
    <subfield code="a">Ministerio de Educaci&#xF3;n, Cultura y Deporte de Espa&#xF1;a</subfield>
  </datafield>
  <datafield tag="776" ind1="0" ind2="8">
    <subfield code="i">CD-ROM version:</subfield>
    <subfield code="a">L&#xF3;pez Mart&#xED;nez, Juan.</subfield>
    <subfield code="t">Ense&#xF1;anzas art&#xED;sticas superiores en el Espacio Europeo de Educaci&#xF3;n Superior.</subfield>
    <subfield code="d">[Madrid] : Ministerio de Educaci&#xF3;n, IFFIE, 2010</subfield>
    <subfield code="z">9788436948912</subfield>
  </datafield>
  <datafield tag="830" ind1=" " ind2="0">
    <subfield code="a">Aulas de verano.</subfield>
    <subfield code="p">Serie Humanidades.</subfield>
  </datafield>
  <datafield tag="856" ind1="4" ind2="0">
    <subfield code="3">Digitalia Hisp&#xE1;nica</subfield>
    <subfield code="u">https://www.digitaliapublishing.com/a/17814/</subfield>
  </datafield>
  <datafield tag="910" ind1=" " ind2=" ">
    <subfield code="a">Premium Collection: 2014</subfield>
  </datafield>
  <datafield tag="942" ind1=" " ind2=" ">
    <subfield code="c">RAA</subfield>
  </datafield>
  <datafield tag="952" ind1=" " ind2=" ">
    <subfield code="0">0</subfield>
    <subfield code="1">0</subfield>
    <subfield code="4">0</subfield>
    <subfield code="7">0</subfield>
    <subfield code="8">DEH</subfield>
    <subfield code="a">BD-UIN</subfield>
    <subfield code="b">BD-UIN</subfield>
    <subfield code="d">2025-04-25</subfield>
    <subfield code="l">0</subfield>
    <subfield code="r">2025-04-25</subfield>
    <subfield code="w">2025-04-25</subfield>
    <subfield code="y">RAA</subfield>
  </datafield>
  <datafield tag="999" ind1=" " ind2=" ">
    <subfield code="c">235563</subfield>
    <subfield code="d">235563</subfield>
  </datafield>
</record>
